Szczegóły MARC
| 000 -Nagłówek |
| fixed length control field |
02960cam a2200673 i 4500 |
| 001 - Nr kontrolny bibl., która utworzyła rek. |
| control field |
xx004981764 |
| 003 - Siglum bibl., której nr kontr. jest w 001 |
| control field |
NUKAT |
| 005 - Data i czas ostatniej operacji |
| control field |
20260430130928.0 |
| 008 - Elementy pola stałej długości |
| fixed length control field |
201027s2020 pl a |101 0 pol c |
| 020 ## - ISBN |
| ISBN |
9788380989917 |
| dopowiedzenie |
(oprawa twarda) : |
| warunki dostępności |
zł 60,00 |
| 035 ## - Systemowy numer kontrolny |
| systemowy numer kontrolny |
(OCoLC)1204360525 |
| 035 ## - Systemowy numer kontrolny |
| systemowy numer kontrolny |
(NUKAT)xx004981764 |
| 040 ## - Instytucja sporządzająca opis |
| Instytucja, która sporządziła opis |
Ł U/eg |
| język katalgowania-trzyzn. kod |
pol |
| zasady opisu |
rda |
| Instytucja, która sporządziła rekord |
Ł U/eg |
| Instytucja, która zmodyfikowała rekord |
Ł U/eg |
| -- |
GD U/MJs |
| -- |
POZN U/KaKs |
| -- |
WA 14/ABs |
| -- |
OLSZT 008/bak |
| 041 1# - Kod nazwy języka dokumentu |
| Język tekstu |
pol |
| Language code of original |
eng |
| 045 2# - Okres czasu dla zawartości |
| czas między r. 9999 pne a nasz. czas. |
d1945 |
| -- |
d1990 |
| 046 ## - Kod rodz. daty, data1, data2 (daty pne) |
| Begin/single date |
2020 |
| 099 ## - Dowolny opis lokalny sygnatury |
| symbol klasyfikacji |
ja2020010796 |
| 245 00 - Tytuł właściwy i oznaczenie odpow. |
| tytuł |
Środowisko studenckie w krajach bloku sowieckiego 1945-1990 / |
| dod. inf. ze s. tyt./ozn. odpow. |
pod redakcją Kamila Dworaczka i Krzysztofa Łagojdy ; tłumaczenia Karol Waniek. |
| 250 ## - Oznaczenie wydania |
| oznaczenie wydania |
Wydanie I. |
| 260 ## - Adres wydawniczy |
| miejsce wydania, dystrybucji itp. |
Warszawa ; |
| -- |
Wrocław : |
| nazwa wydawcy, dystrybutora itp. |
Instytut Pamięci Narodowej - Komisja Ścigania Zbrodni przeciwko Narodowi Polskiemu. Oddział we Wrocławiu, |
| data wydania, dystrybucji itp. |
2020. |
| 300 ## - Opis fizyczny |
| objętość i/lub forma materiału |
662 strony : |
| inne szczegóły opisu fizycznego |
ilustracje ; |
| format |
25 cm. |
| 336 ## - Content Type |
| Term |
Tekst |
| Code |
txt |
| Source |
rdacontent |
| 337 ## - Media Type |
| Term |
Bez urządzenia pośredniczącego |
| Code |
n |
| Source |
rdamedia |
| 338 ## - Carrier Type |
| Term |
Wolumin |
| Code |
nc |
| Source |
rdacarrier |
| 380 ## - Form of work |
| Form of work |
Książki |
| 380 ## - Form of work |
| Form of work |
Publikacje naukowe |
| 388 1# - TIME PERIOD OF CREATION |
| Time period of creation term |
2001- |
| 500 ## - Uwaga ogólna |
| uwaga ogólna |
Materiały z konferencji naukowej: Środowisko studenckie w krajach bloku sowieckiego 1945-1989, 29 listopada - 1 grudnia 2016 r., Wrocław. |
| 504 ## - Uwaga o bibliografii |
| uwaga o bibliografii |
Indeks. |
| 546 ## - Uwaga o języku opisywanego materiału |
| uwaga o języku |
Część referatów w przekładzie z języka angielskiego. |
| 648 #7 - SUBJECT ADDED ENTRY--CHRONOLOGICAL TERM |
| Chronological term |
1901-2000 |
| Source of heading or term |
DBN |
| 9 (RLIN) |
34996 |
| 648 #7 - SUBJECT ADDED ENTRY--CHRONOLOGICAL TERM |
| Chronological term |
1945-1989 |
| Source of heading or term |
DBN |
| 9 (RLIN) |
36043 |
| 648 #7 - SUBJECT ADDED ENTRY--CHRONOLOGICAL TERM |
| Chronological term |
1989-2000 |
| Source of heading or term |
DBN |
| 9 (RLIN) |
36156 |
| 650 #7 - Hasło przedmiotowe-nazwa pospolita |
| nazwa pospolita lub geogr. |
Działacze studenccy |
| źródło hasła |
DBN |
| 9 (RLIN) |
41024 |
| 650 #7 - Hasło przedmiotowe-nazwa pospolita |
| nazwa pospolita lub geogr. |
Kultura studencka |
| źródło hasła |
DBN |
| 9 (RLIN) |
41025 |
| 650 #7 - Hasło przedmiotowe-nazwa pospolita |
| nazwa pospolita lub geogr. |
Opozycja polityczna nielegalna |
| źródło hasła |
DBN |
| 9 (RLIN) |
36914 |
| 650 #7 - Hasło przedmiotowe-nazwa pospolita |
| nazwa pospolita lub geogr. |
Organizacje studenckie |
| źródło hasła |
DBN |
| 9 (RLIN) |
41026 |
| 650 #7 - Hasło przedmiotowe-nazwa pospolita |
| nazwa pospolita lub geogr. |
Partycypacja polityczna |
| źródło hasła |
DBN |
| 9 (RLIN) |
41027 |
| 650 #7 - Hasło przedmiotowe-nazwa pospolita |
| nazwa pospolita lub geogr. |
Partycypacja społeczna |
| źródło hasła |
DBN |
| 9 (RLIN) |
41028 |
| 650 #7 - Hasło przedmiotowe-nazwa pospolita |
| nazwa pospolita lub geogr. |
Ruchy społeczne |
| źródło hasła |
DBN |
| 9 (RLIN) |
36915 |
| 650 #7 - Hasło przedmiotowe-nazwa pospolita |
| nazwa pospolita lub geogr. |
Strajki studenckie |
| źródło hasła |
DBN |
| 9 (RLIN) |
41029 |
| 650 #7 - Hasło przedmiotowe-nazwa pospolita |
| nazwa pospolita lub geogr. |
Studentki i studenci |
| źródło hasła |
DBN |
| 9 (RLIN) |
36905 |
| 650 #7 - Hasło przedmiotowe-nazwa pospolita |
| nazwa pospolita lub geogr. |
Studenci |
| określnik rzeczowy |
postawy |
| określnik geograficzny |
Kraje socjalistyczne |
| określnik formy |
konferencje. |
| źródło hasła |
kaba |
| 9 (RLIN) |
41030 |
| 650 #7 - Hasło przedmiotowe-nazwa pospolita |
| nazwa pospolita lub geogr. |
Studenci |
| określnik rzeczowy |
działalność polityczna |
| określnik geograficzny |
Kraje socjalistyczne |
| określnik formy |
konferencje. |
| źródło hasła |
kaba |
| 9 (RLIN) |
41031 |
| 650 #7 - Hasło przedmiotowe-nazwa pospolita |
| nazwa pospolita lub geogr. |
Studenci |
| określnik rzeczowy |
towarzystwa |
| określnik geograficzny |
Kraje socjalistyczne |
| określnik formy |
konferencje. |
| źródło hasła |
kaba |
| 9 (RLIN) |
41032 |
| 651 #7 - Hasło przedmiotowe-nazwa geogr. |
| nazwa geograficzna |
Europa Środkowo-Wschodnia |
| źródło hasła |
DBN |
| 9 (RLIN) |
35065 |
| 651 #7 - Hasło przedmiotowe-nazwa geogr. |
| nazwa geograficzna |
Kraje socjalistyczne |
| źródło hasła |
DBN |
| 9 (RLIN) |
39753 |
| 651 #7 - Hasło przedmiotowe-nazwa geogr. |
| nazwa geograficzna |
Polska |
| źródło hasła |
DBN |
| 9 (RLIN) |
35076 |
| 655 #7 - Termin określający rodzaj/formę |
| rodzaj/forma |
Materiały konferencyjne |
| źródło terminu |
DBN |
| 9 (RLIN) |
36310 |
| 655 #7 - Termin określający rodzaj/formę |
| rodzaj/forma |
Praca zbiorowa |
| źródło terminu |
DBN |
| 9 (RLIN) |
35107 |
| 658 ## - Nazwa określająca cel programu nauczania |
| główny cel programu nauczania |
Historia |
| 658 ## - Nazwa określająca cel programu nauczania |
| główny cel programu nauczania |
Polityka, politologia, administracja publiczna |
| 700 1# - Hasło dodatkowe - nazwa osobowa |
| nazwa osobowa |
Dworaczek, Kamil |
| daty biograficzne |
(1985- ). |
| rodzaj współpracy |
Redakcja |
| 9 (RLIN) |
19225 |
| 700 1# - Hasło dodatkowe - nazwa osobowa |
| nazwa osobowa |
Łagojda, Krzysztof |
| daty biograficzne |
(1990- ). |
| rodzaj współpracy |
Redakcja |
| 9 (RLIN) |
41022 |
| 700 1# - Hasło dodatkowe - nazwa osobowa |
| nazwa osobowa |
Waniek, Karol. |
| rodzaj współpracy |
Tłumaczenie |
| 9 (RLIN) |
41023 |
| 710 2# - Hasło dodatkowe - nazwa ciała zbior. |
| nazwa ciała zbior. lub nazwa geogr. |
Instytut Pamięci Narodowej - Komisja Ścigania Zbrodni przeciwko Narodowi Polskiemu. |
| nazwa jednostki podrzędnej |
Oddział (Wrocław). |
| rodzaj współpracy |
Wydawca |
| kod rodzaju współpracy |
pbl |
| 9 (RLIN) |
14065 |
| 920 ## - ISBN |
| ISBN |
978-83-8098-991-7 (oprawa twarda) : zł 60,00 |
| 942 ## - ADDED ENTRY ELEMENTS (KOHA) |
| Source of classification or shelving scheme |
Dewey Decimal Classification |
| Koha item type |
pozycje dostępne na miejscu |